Państwa i stolice Ameryki Północnej i Środkowej - Statystyki

Ogólne statystyki
  • Ten quiz został rozwiązany 117 razy
  • Średni wynik to 11 z 15
Statystyki odpowiedzi
Państwo Stolica % Poprawnych
USA Waszyngton
96%
Meksyk Meksyk
92%
Kanada Ottawa
92%
Kuba Hawana
84%
Panama Panama
84%
Jamajka Kingston
78%
Gwatemala Gwatemala
74%
Salwador San Salwador
74%
Dominikana Santo Domingo
66%
Haiti Port-au-prince
60%
Belize Belmopan
56%
Nikaragua Managua
56%
Kostaryka San Jose
52%
Bahamy Nassau
50%
Honduras Tegucigalpa
48%
Nie znaleziono quizów pasujących do podanych kryteriów
Rozkład punktacji
Procent ludzi z każdym wynikiem
Percentyl według liczby udzielonych odpowiedzi
Twoja historia wyników
Nie rozwiązałeś tego quizu